Oslobodenie od DPH

V podmienkach pôsobenia subjektov verejnej správy (platiteľov DPH) prichádza do úvahy najčastejšie oblasť zdravotnej starostlivosti, služby sociálnej pomoci, výchovné a vzdelávacie služby, kultúrne služby a služby verejnoprávnej televízie a verejnoprávneho rozhlasu, ktoré môžu byť oslobodené od DPH....

Descrizione completa

Salvato in:
Dettagli Bibliografici
Autore principale: Mintál, Ján
Natura: Capitolo di libro
Lingua:slovacco
Soggetti:
Tags: Aggiungi Tag
Nessun Tag, puoi essere il primo ad aggiungerne!!

MARC

LEADER 00000naa a2200000 4500
001 0134721
005 20231120121720.0
041 0 |a slo 
044 |a SK 
245 1 0 |a Oslobodenie od DPH  |c Ján Mintál 
520 |a V podmienkach pôsobenia subjektov verejnej správy (platiteľov DPH) prichádza do úvahy najčastejšie oblasť zdravotnej starostlivosti, služby sociálnej pomoci, výchovné a vzdelávacie služby, kultúrne služby a služby verejnoprávnej televízie a verejnoprávneho rozhlasu, ktoré môžu byť oslobodené od DPH. Príklady. 
610 2 0 |a oslobodenie od daní 
610 2 0 |a dane z hodnoty pridanej 
610 2 0 |a služby 
610 2 0 |a starostlivosť zdravotná 
610 2 0 |a pomoc sociálna 
610 2 0 |a výchova 
610 2 0 |a vzdelávanie 
610 2 0 |a kultúra 
610 2 0 |a televízia 
610 2 0 |a rozhlas 
610 2 0 |a správa verejná 
100 1 |a Mintál, Ján